ბათუმის შოთა რუსთაველის სახელმწიფო უნივერსიტეტის ბიბლიოთეკა

Exercise Immunology / (ბიბ.ჩანაწერი № 45740)

000 -LEADER
fixed length control field 00799nam a2200253Ia 4500
001 - CONTROL NUMBER
control field 12567
003 - CONTROL NUMBER IDENTIFIER
control field GE_BSU
005 - DATE AND TIME OF LATEST TRANSACTION
control field 20240528121543.0
008 - FIXED-LENGTH DATA ELEMENTS--GENERAL INFORMATION
fixed length control field 181216s2013||||enk|||||||||||||| ||eng||
020 ## - INTERNATIONAL STANDARD BOOK NUMBER
International Standard Book Number 9780415507264x
040 ## - CATALOGING SOURCE
Transcribing agency GE_BSU
041 ## - LANGUAGE CODE
Language code of text/sound track or separate title eng
080 ## - UNIVERSAL DECIMAL CLASSIFICATION NUMBER
Universal Decimal Classification number 616.097 E-97
245 ## - TITLE STATEMENT
Title Exercise Immunology /
Statement of responsibility, etc. Edited by Michael Gleeson,Nicolette Bishop and Neil Walsh.
264 ## - PRODUCTION, PUBLICATION, DISTRIBUTION, MANUFACTURE, AND COPYRIGHT NOTICE
Place of production, publication, distribution, manufacture London :
Name of producer, publisher, distributor, manufacturer Routledge,
Date of production, publication, distribution, manufacture, or copyright notice 2013.
300 ## - PHYSICAL DESCRIPTION
Extent 424 p.:
Other physical details ill.;
Dimensions 24cm.
653 ## - INDEX TERM--UNCONTROLLED
keyword იმუნოლოგია
653 ## - INDEX TERM--UNCONTROLLED
keyword მედიცინა
700 ## - ADDED ENTRY--PERSONAL NAME
Personal name Gleeson, Michael
Relator term რედაქტორი
9 (RLIN) 22199
700 ## - ADDED ENTRY--PERSONAL NAME
Personal name Bishop, Nicolette
Relator term რედაქტორი
9 (RLIN) 22200
700 ## - ADDED ENTRY--PERSONAL NAME
Personal name Walsh, Neil
Relator term რედაქტორი
9 (RLIN) 22201
942 ## - ADDED ENTRY ELEMENTS (KOHA)
Koha item type წიგნი
Source of classification or shelving scheme
ეგზემპლარები
Withdrawn status Lost status Source of classification or shelving scheme Damaged status Not for loan Permanent Location Current Location Shelving location Date acquired Cost, normal purchase price Full call number Barcode Date last seen Copy number Price effective from Koha item type Public note
          ბათუმის შოთა რუსთაველის სახელმწიფო უნივერსიტეტის მთავარი ბიბლიოთეკა ბათუმის შოთა რუსთაველის სახელმწიფო უნივერსიტეტის მთავარი ბიბლიოთეკა წიგნსაცავი 2018-12-17 123.00 616.097 E-97 36216 2018-12-17 36216 2018-12-17 წიგნი 123 ლ.